El pensionado de Santa Casilda / (Record no. 190768)

MARC details
000 -LEADER
campo de control de longitud fija 02378nam a2200325 i 4500
001 - NÚMERO DE CONTROL
campo de control 190768
003 - IDENTIFICADOR DE NÚMERO DE CONTROL
campo de control ES-MaACL
005 - FECHA Y HORA DE LA ÚLTIMA TRANSACCIÓN
campo de control 20250804161026.0
008 - DATOS DE LONGITUD FIJA--INFORMACIÓN GENERAL
campo de control de longitud fija 220704s2022 sp 001 f spa
020 ## - NÚMERO INTERNACIONAL ESTÁNDAR DEL LIBRO
Número Internacional Estándar del Libro 978-84-19231-15-4
040 ## - FUENTE DE CATALOGACIÓN
Centro/agencia transcriptor ES-MaACL
080 ## - NÚMERO DE LA CLASIFICACIÓN DECIMAL UNIVERSAL
Número de la Clasificación Decimal Universal 821.134.2-31"19"
100 1# - ENTRADA PRINCIPAL--NOMBRE DE PERSONA
Nombre de persona Fortún, Elena,
Fechas asociadas al nombre 1886-1952
9 (RLIN) 166428
Término indicativo de función/relación Autor
245 13 - MENCIÓN DEL TÍTULO
Título El pensionado de Santa Casilda /
Mención de responsabilidad, etc. Elena Fortún, Matilde Ras ; edición de María Jesús Fraga ; introducción de Nuria Capdevila-Argüelles.
260 ## - PUBLICACIÓN, DISTRIBUCIÓN, ETC.
Lugar de publicación, distribución, etc. Valencina de la Concepción (Sevilla) :
Nombre del editor, distribuidor, etc. Renacimiento,
Fecha de publicación, distribución, etc. [2022].
300 ## - DESCRIPCIÓN FÍSICA
Extensión 476 p. ;
Dimensiones 21 cm.
490 1# - MENCIÓN DE SERIE
Mención de serie Biblioteca Elena Fortún
520 ## - RESUMEN, ETC.
Sumario, etc. Este misterioso volumen ha permanecido inédito desde los años de exilio de Elena Fortún, época en la que debió rematarlo, hasta nuestros días. Su prosa está claramente influida por la misma conciencia sáfica que se aprecia en la novela autobiográfica Oculto sendero y por el mundo femenino del que formó parte tanto en Madrid como en Buenos Aires, reflejado en la galería de mujeres que pueblan estas páginas. Son un grupo de jovencitas vestidas con bonaerenses uniformes de piqué blanco, empeñadas en escribir colectivamente un libro, pensionistas en un colegio de peculiares monjas francesas. Transitan de la adolescencia a la vida adulta en un Madrid belle époque en el que surgen y con frecuencia se castigan nuevas formas de entender género, sexo y sexualidad. Esta novela de internado se convierte en novela madrileña que también traslada su argumento a Francia para mostrarnos un curioso baile de máscaras. Y es que este manuscrito inacabado es una fascinante máscara en la que se adivinan tanto los rasgos y las influencias de amigas como Victorina Durán como los trazos de la pluma de Matilde Ras.
655 #0 - TERMINO DE INDIZACIÓN--GENERO/FORMA
Datos o término principal de género/forma Novelas
9 (RLIN) 234319
700 1# - ENTRADA AGREGADA--NOMBRE PERSONAL
Nombre de persona Ras, Matilde,
Fechas asociadas al nombre 1881-1969
9 (RLIN) 95477
Término indicativo de función/relación Autor
700 0# - ENTRADA AGREGADA--NOMBRE PERSONAL
Nombre de persona Fraga, María Jesús
9 (RLIN) 52067
Término indicativo de función/relación Editor literario
700 1# - ENTRADA AGREGADA--NOMBRE PERSONAL
Nombre de persona Capdevila-Argüelles, Nuria,
Fechas asociadas al nombre 1972-
9 (RLIN) 174769
Término indicativo de función/relación Autor de introducción
830 1# - PUNTO DE ACCESO ADICIONAL DE SERIE-TÍTULO UNIFORME
Título uniforme Biblioteca Elena Fortún
9 (RLIN) 193511
852 4# - LOCALIZACIÓN
Ubicación ES-MaACL
Número de control de estantería A-14987
itemnumber 197950
Sublocalización o colección R.153392
Ubicación en estantería Depósito 1
Signatura antigua Olim: N-7987
Donativo/Legado Donación: Pilar Fernandez Vera
903 ## - NOMBRE PERSONAL DE DONANTE
a Fernández Vera, Pilar,
d 1961-
e Donante
9 49420
942 ## - ELEMENTOS DE ENTRADA SECUNDARIOS (KOHA)
Tipo de ítem Koha Libro impreso
Holdings
Estatus retirado Estado de pérdida Fuente del sistema de clasificación o colocación Estado de daño No para préstamo Biblioteca de origen Biblioteca actual Ubicación en estantería Fecha de adquisición Fuente de adquisición Total de préstamos Signatura topográfica completa Código de barras Visto por última vez Precio de reemplazo Tipo de ítem Koha
    Clasificación decimal universal     Biblioteca del Ateneo de Madrid Biblioteca del Ateneo de Madrid Depósito 1 04/07/2022 Donación   A-14987 1203037 23/02/2023 23/02/2023 Libro impreso